000
00305nam a2200109Ia 4500
008
201224s9999 xx 000 0 und d
100
_a
Stern, Robert W.
245
0
_a
changing India: Buorgeois revolution on the subcontinent
260
_a
Cambridge
_b
Cambridge University Press
300
_a
257
942
_c
BK
999
_c
8761
_d
8761